Ranunculus以降のにじさんじ女子ライバーのママ - Statistics

General Stats
  • This quiz has been taken 6 times
  • The average score is 9 of 23
Answer Stats
ライバー Answer % Correct
海妹四葉 およ
100%
五十嵐梨花 ももこ
100%
石神のぞみ 赤倉
100%
獅子堂あかり 遠坂あさぎ
67%
雲母たまこ なもり
67%
蝸堂みかる イコモチ
67%
珠乃井ナナ necömi
67%
先斗寧 二色こぺ
33%
壱百満天原サロメ
33%
小清水透 椎花びび
33%
鏑木ろこ さくら
33%
栞葉るり 加川壱互
33%
ルンルン ひつじ/おしぷ
33%
早乙女ベリー
33%
夜牛詩乃 ポップキュン
33%
倉持めると ASG
33%
ソフィア・ヴァレンタイン yadapot
33%
立伝都々 火ノ
0%
司賀りこ 南野あき
0%
猫屋敷美紅 なな
0%
七瀬すず菜 mmu
0%
梢桃音 Nardack
0%
綺沙良 tokki
0%
No matching quizzes found
Score Distribution
Percent of People with Each Score
Percentile by Number Answered
Your Score History
You have not taken this quiz